Kế toán Anh thực hành = British accounting in practice /

Spremljeno u:
Bibliografski detalji
Glavni autor: Võ Thị Mỹ Chi
Daljnji autori: ..., Phan Thục Anh, Võ Hà Duyên
Format: Sách giấy
Jezik:Vietnamese
English
Izdano: Hà Nội : Giáo dục , 1993
Oznake: Dodaj oznaku
Bez oznaka, Budi prvi tko označuje ovaj zapis!
Thư viện lưu trữ: Thư viện Trường Đại học Đà Lạt
LEADER 00738nam a2200289 4500
001 DLU020014338
005 ##6/27/2000
020 # # |a 978- 
041 # # |a vie  |a eng 
082 # # |a 657  |b Ket 
090 # # |a 657  |b Ket 
100 # # |a Võ Thị Mỹ Chi 
245 # # |a Kế toán Anh thực hành =  |b British accounting in practice /  |c Chi Võ Thị Mỹ, Duyên Võ Hà, Anh Phan Thục, ...  
260 # # |a Hà Nội :  |b Giáo dục ,  |c 1993 
300 # # |a 344 tr.;   |c 27 cm. 
700 # # |a ..., 
700 # # |a Phan Thục Anh 
700 # # |a Võ Hà Duyên 
992 # # |a 46000 
994 # # |a DLU 
900 # # |a False 
911 # # |a Administrator 
925 # # |a G 
926 # # |a A 
927 # # |a SH 
980 # # |a Thư viện Trường Đại học Đà Lạt